| 000 | 00897nam a22002177a 4500 | ||
|---|---|---|---|
| 005 | 20170123164201.0 | ||
| 010 | _aB-077885 | ||
| 020 |
_a817770009 _c150.00 |
||
| 035 | _aB-077885 | ||
| 040 |
_aDPL _bPN |
||
| 082 |
_a260.1 _bਪ੍ਰੀਤਮ |
||
| 245 |
_aਸਿੱਖ ਫ਼ਲਸਫ਼ੇ ਦੀ ਰੂਪ-ਰੇਖਾ / _cਸੰਪਾਦਕ ਪ੍ਰੀਤਮ ਸਿੰਘ |
||
| 246 |
_aSikh falsafe di rup-rekha / _bedited by Pritam Singh |
||
| 250 | _a2nd ed | ||
| 260 |
_aਅੰਮ੍ਰਿਤਸਰ _bਗੁਰੂ ਨਾਨਕ ਦੇਵ ਯੂਨੀਵਰਸਿਟੀ _c2001 |
||
| 270 | _bਅੰਮ੍ਰਿਤਸਰ | ||
| 300 |
_a164p. _b23cm(Hb) |
||
| 650 |
_aਪੰਜਾਬੀ ਸਾਹਿਤ _vਪੰਜਾਬੀ ਸਾਹਿਤ-ਜੀਵਨੀ _93695 |
||
| 700 |
_aਪ੍ਰੀਤਮ ਸਿੰਘ _9132989 |
||
| 942 |
_2ddc _cPN _h260.1 _mਪ੍ਰੀਤਮ |
||
| 999 |
_c111051 _d111051 |
||